[Event "HUN-chT 9899"]
[Site "Hungary"]
[Date "1998.??.??"]
[Round "?"]
[White "Horvath, Jozsef"]
[Black "Torok, Jozsef"]
[Result "1-0"]
[WhiteElo "2530"]
[BlackElo "2265"]
[PlyCount "59"]
[EventDate "1998.??.??"]
[EventType "team"]
[EventRounds "12"]
[EventCountry "HUN"]
[SourceTitle "EXT 2000"]
[Source "ChessBase"]
[SourceDate "1999.11.16"]
[SourceVersion "1"]
[SourceVersionDate "1999.11.16"]
[SourceQuality "1"]

1. d4 Nf6 2. Nf3 e6 3. g3 b6 4. Bg2 Bb7 5. c4 Bb4+ 6. Bd2 Qe7 7. 0-0 Bxd2 8. Qxd2 d6 9. Nc3 Nbd7 10. d5 e5 11. Nh4 Nh5 12. Bf3 Nf4 13. e4 g6 14. Bg4 Qg5 15. Bxd7+ Kxd7 16. Kh1 f6 17. Nf3 Qh5 18. Ne1 Nh3 19. f3 Raf8 20. Nd3 Kd8 21. a4 a5 22. b4 axb4 23. Nxb4 f5 24. exf5 gxf5 25. a5 bxa5 26. Rxa5 Ng5 27. Ra7 Bc8 28. Nc6+ Ke8 29. Nb5 Nxf3 30. Rxc7 1-0

[Event "Schneider Memorial op"]
[Site "Budapest"]
[Date "1995.??.??"]
[Round "1"]
[White "Torok, Jozsef"]
[Black "Chetverik, Maxim"]
[Result "0-1"]
[WhiteElo "2260"]
[BlackElo "2335"]
[PlyCount "46"]
[EventDate "1995.??.??"]
[EventType "swiss"]
[EventRounds "9"]
[EventCountry "HUN"]
[SourceTitle "CBM 046 Extra"]
[Source "ChessBase"]
[SourceDate "1995.07.01"]
[SourceVersion "1"]
[SourceVersionDate "1995.07.01"]
[SourceQuality "1"]

1. d4 d5 2. c4 e5 3. dxe5 d4 4. Nf3 Nc6 5. Nbd2 Be6 6. b3 Qd7 7. a3 Nge7 8. g3 Ng6 9. Bb2 Ngxe5 10. Nxe5 Nxe5 11. Bg2 c5 12. f3 Be7 13. Ne4 Nc6 14. Nf2 h5 15. e4 dxe3 16. Qxd7+ Bxd7 17. Ne4 Nd4 18. Bxd4 cxd4 19. c5 Rc8 20. b4 f5 21. Nf2 exf2+ 22. Kxf2 b6 23. Rhe1 bxc5 0-1

[Event "HUN-ch U20"]
[Site "Paks"]
[Date "1994.??.??"]
[Round "?"]
[White "Czebe, Attila"]
[Black "Torok, Jozsef"]
[Result "1-0"]
[WhiteElo "2355"]
[BlackElo "2260"]
[PlyCount "71"]
[EventDate "1994.??.??"]
[EventType "tourn"]
[EventRounds "9"]
[EventCountry "HUN"]
[SourceTitle "EXT 1998"]
[Source "ChessBase"]
[SourceDate "1997.11.17"]
[SourceVersion "1"]
[SourceVersionDate "1997.11.17"]
[SourceQuality "1"]

1. d4 Nf6 2. c4 e6 3. Nc3 Bb4 4. Nf3 Bxc3+ 5. bxc3 0-0 6. Bg5 h6 7. Bh4 d6 8. e3 Nc6 9. Bd3 Qe7 10. Nd2 e5 11. 0-0 Bd7 12. Rb1 b6 13. Rb2 Rae8 14. Bb1 g5 15. Bg3 Nh7 16. c5 f5 17. cxd6 cxd6 18. f4 gxf4 19. exf4 e4 20. Nc4 Kh8 21. d5 Nd8 22. Bf2 Nb7 23. Bd4+ Nf6 24. Kh1 Kh7 25. Ne3 Rg8 26. Re2 Ng4 27. Nxg4 Rxg4 28. Re3 Reg8 29. Rf2 Qf7 30. Rh3 R8g6 31. c4 Rg8 32. Ra3 Na5 33. Bc2 Rc8 34. Bc3 Nxc4 35. Rxa7 Rgg8 36. Rf1 1-0

[Event "HUN-chT2 9394"]
[Site "Hungary"]
[Date "1994.??.??"]
[Round "?"]
[White "Ezsol, Miklos"]
[Black "Torok, Jozsef"]
[Result "0-1"]
[WhiteElo "2285"]
[BlackElo "2290"]
[PlyCount "80"]
[EventDate "1993.??.??"]
[EventType "team"]
[EventRounds "13"]
[EventCountry "HUN"]
[SourceTitle "TD"]
[Source "ChessBase"]
[SourceDate "1994.03.01"]
[SourceVersion "1"]
[SourceVersionDate "1994.03.01"]
[SourceQuality "1"]

1. d4 Nf6 2. Nf3 e6 3. Bg5 Be7 4. Nc3 Nc6 5. e4 d6 6. Be2 0-0 7. Qd2 e5 8. d5 Nb8 9. h3 Nbd7 10. g4 a5 11. 0-0-0 Nc5 12. Qe3 Bd7 13. Rhg1 Qb8 14. Nh4 b5 15. Nf5 Bxf5 16. Bxf6 Bxf6 17. exf5 b4 18. Ne4 Nxe4 19. Qxe4 Bg5+ 20. Kb1 Qb6 21. Rg2 a4 22. h4 Bf4 23. f6 g6 24. Bc4 Qc5 25. h5 Bg5 26. Rh2 Bxf6 27. hxg6 hxg6 28. g5 Bg7 29. Qh4 Rfe8 30. Qg4 e4 31. Be2 a3 32. Qh3 axb2 33. Rdh1 Kf8 34. Qd7 Qc3 35. Bb5 Red8 36. Qc6 Rxa2 37. Qxc3 bxc3 38. Kxa2 Ra8+ 39. Kb3 Ra1 40. Bd7 Rc1 0-1

[Event "HUN-chT2 9394"]
[Site "Hungary"]
[Date "1994.??.??"]
[Round "?"]
[White "Korpics, Zsolt"]
[Black "Torok, Jozsef"]
[Result "1/2-1/2"]
[WhiteElo "2295"]
[BlackElo "2290"]
[PlyCount "33"]
[EventDate "1993.??.??"]
[EventType "team"]
[EventRounds "13"]
[EventCountry "HUN"]
[SourceTitle "TD"]
[Source "ChessBase"]
[SourceDate "1994.03.01"]
[SourceVersion "1"]
[SourceVersionDate "1994.03.01"]
[SourceQuality "1"]

1. Nf3 Nf6 2. c4 e6 3. g3 Be7 4. Bg2 0-0 5. d4 d5 6. 0-0 dxc4 7. Qc2 a6 8. a4 Bd7 9. Ne5 Bc6 10. Nxc6 Nxc6 11. e3 Na5 12. Nd2 c5 13. dxc5 Rc8 14. b4 cxb3 15. Nxb3 Nxb3 16. Qxb3 Bxc5 17. Qxb7 1/2-1/2

[Event "HUN-chT2 9394"]
[Site "Hungary"]
[Date "1994.??.??"]
[Round "?"]
[White "Kovacs, G."]
[Black "Torok, Jozsef"]
[Result "1/2-1/2"]
[WhiteElo "2190"]
[BlackElo "2290"]
[PlyCount "113"]
[EventDate "1993.??.??"]
[EventType "team"]
[EventRounds "13"]
[EventCountry "HUN"]
[SourceTitle "TD"]
[Source "ChessBase"]
[SourceDate "1994.03.01"]
[SourceVersion "1"]
[SourceVersionDate "1994.03.01"]
[SourceQuality "1"]

1. Nf3 Nf6 2. c4 e6 3. Nc3 Bb4 4. Qb3 a5 5. a3 Bxc3 6. Qxc3 0-0 7. d3 h6 8. g3 Nc6 9. b3 d6 10. Bb2 e5 11. Bg2 Bg4 12. e3 Qd7 13. h3 Bh5 14. g4 Bg6 15. 0-0-0 Rab8 16. Nh4 b5 17. Nxg6 fxg6 18. cxb5 Na7 19. a4 Rfc8 20. Qxa5 c6 21. b6 Qd8 22. Qxa7 Ra8 23. Qb7 Ne8 24. Kb1 Rab8 25. Qa6 Rxb6 26. Qa5 Ra8 27. Qc3 Rab8 28. Rd2 Rxb3 29. Qxc6 Kh7 30. Bd5 R3b4 31. Bf7 Nf6 32. Rc2 R8b6 33. Qf3 Qb8 34. Qe2 Qa8 35. e4 Rxa4 36. Kc1 Ra1+ 37. Bxa1 Qxa1+ 38. Kd2 Qxh1 39. Qe1 Qxh3 40. g5 Rb7 41. Bc4 Nd7 42. Bd5 Rb8 43. Qe3 Qf1 44. gxh6 Rf8 45. Kc3 Nc5 46. hxg7 Kxg7 47. Ra2 Qd1 48. Ra7+ Kf6 49. f4 Qxd3+ 50. Qxd3 Nxd3 51. Kxd3 exf4 52. Rd7 f3 53. Ke3 Kg5 54. Kf2 Rf6 55. Rf7 Rf4 56. Rd7 Rf6 57. Rf7 1/2-1/2

[Event "HUN-chT2 9394"]
[Site "Hungary"]
[Date "1994.??.??"]
[Round "?"]
[White "Nagy, Janos"]
[Black "Torok, Jozsef"]
[Result "1-0"]
[WhiteElo "2285"]
[BlackElo "2290"]
[PlyCount "85"]
[EventDate "1993.??.??"]
[EventType "team"]
[EventRounds "13"]
[EventCountry "HUN"]
[SourceTitle "TD"]
[Source "ChessBase"]
[SourceDate "1994.03.01"]
[SourceVersion "1"]
[SourceVersionDate "1994.03.01"]
[SourceQuality "1"]

1. e4 c5 2. Nf3 d6 3. d4 cxd4 4. Nxd4 Nf6 5. Nc3 g6 6. Be2 Bg7 7. Be3 0-0 8. 0-0 Nc6 9. h3 d5 10. exd5 Nxd5 11. Nxd5 Nxd4 12. Bc4 e5 13. c3 Nc6 14. Bc5 Re8 15. Ne7+ Nxe7 16. Qxd8 Rxd8 17. Bxe7 Re8 18. Bg5 Be6 19. Bb3 a5 20. Rad1 f6 21. Be3 Kf7 22. Rd7+ Re7 23. Rxe7+ Kxe7 24. Bc5+ Kf7 25. Rd1 Bxb3 26. Rd7+ Ke6 27. Rd6+ Kf5 28. g4+ Kg5 29. axb3 Bf8 30. Rd5 Bxc5 31. Rxc5 Ra6 32. Rb5 b6 33. Kg2 h5 34. Kg3 hxg4 35. hxg4 a4 36. f4+ Kh6 37. fxe5 fxe5 38. Rxe5 axb3 39. Rb5 Kg7 40. Rxb3 Kf6 41. Rb5 Ke6 42. Kf4 Kf6 43. b3 1-0

[Event "HUN-ch U20"]
[Site "Paks"]
[Date "1994.??.??"]
[Round "?"]
[White "Torok, Jozsef"]
[Black "Szirti, Almos"]
[Result "1-0"]
[WhiteElo "2260"]
[BlackElo "2195"]
[PlyCount "37"]
[EventDate "1994.??.??"]
[EventType "tourn"]
[EventRounds "9"]
[EventCountry "HUN"]
[SourceTitle "EXT 1998"]
[Source "ChessBase"]
[SourceDate "1997.11.17"]
[SourceVersion "1"]
[SourceVersionDate "1997.11.17"]
[SourceQuality "1"]

1. e4 c5 2. Nf3 e6 3. d4 cxd4 4. Nxd4 Nc6 5. Nxc6 dxc6 6. Qxd8+ Kxd8 7. Bf4 Nf6 8. Nd2 Nh5 9. Be3 Bd6 10. g4 Nf6 11. 0-0-0 Kc7 12. Nc4 Nxe4 13. Bg2 b5 14. Nxd6 Nxd6 15. Bf4 Rd8 16. Rxd6 Rxd6 17. Rd1 e5 18. Bxe5 Bxg4 19. Rxd6 1-0

[Event "HUN-chT2 9293"]
[Site "Hungary"]
[Date "1993.??.??"]
[Round "?"]
[White "Kladiva, Imre"]
[Black "Torok, Jozsef"]
[Result "1/2-1/2"]
[WhiteElo "2100"]
[BlackElo "2250"]
[PlyCount "196"]
[EventDate "1992.??.??"]
[EventType "team"]
[EventRounds "12"]
[EventCountry "HUN"]
[SourceTitle "TD"]
[Source "ChessBase"]
[SourceDate "1994.03.01"]
[SourceVersion "1"]
[SourceVersionDate "1994.03.01"]
[SourceQuality "1"]

1. e4 c5 2. Nf3 d6 3. d4 cxd4 4. Nxd4 Nf6 5. Nc3 g6 6. Be2 Bg7 7. 0-0 0-0 8. Be3 Nc6 9. h3 d5 10. exd5 Nxd5 11. Nxd5 Qxd5 12. Bf3 Qa5 13. Nb3 Qc7 14. c3 a5 15. Nc5 Ne5 16. Be2 Rb8 17. Bb5 b6 18. Na4 Be6 19. Bd4 Rfd8 20. Qe2 Bc4 21. Bxe5 Bxe2 22. Bxc7 Bxb5 23. Nxb6 Re8 24. Bxb8 Rxb8 25. c4 Ba6 26. Nd7 Rxb2 27. Rab1 Bxc4 28. Rxb2 Bxb2 29. Rb1 Ba3 30. Rb8+ Kg7 31. Ra8 Bb4 32. a3 Bxa3 33. Rxa5 Bd6 34. Nc5 f5 35. Nb7 Bb8 36. Rc5 Bg8 37. Rc8 Be5 38. Nc5 Bd4 39. Rc7 Kf6 40. Rc6+ Ke5 41. Rc8 Bf7 42. Nd3+ Ke4 43. Nb4 Be6 44. Rc7 Bf6 45. Kf1 f4 46. Ke2 f3+ 47. gxf3+ Kf4 48. Nd3+ Kg5 49. Nc5 Bxh3 50. Ne4+ Kf5 51. Rc1 Kf4 52. Nxf6 exf6 53. Rh1 Be6 54. Rh4+ Kf5 55. Rxh7 Bd5 56. Ke3 Bc6 57. Rc7 Ba8 58. Rc5+ Ke6 59. Ra5 Bd5 60. f4 Bb7 61. Ra7 Bd5 62. Ra6+ Kf5 63. Ra5 Ke6 64. Kd4 Bf3 65. Ra3 Bb7 66. Rb3 Ba8 67. Rb5 Bf3 68. Ke3 Ba8 69. f3 Bd5 70. Ra5 Bb7 71. Ra7 Bd5 72. Ra6+ Kf5 73. Ra5 Ke6 74. Rc5 Bb7 75. Kf2 Bd5 76. Kg3 Ba2 77. Kg4 Bb1 78. Rc6+ Kf7 79. Kg3 Ba2 80. Kf2 Bd5 81. Rb6 Ke7 82. Ke3 Ba8 83. Ra6 Bd5 84. Ra3 Ke6 85. Kd4 Bb7 86. Rb3 Ba8 87. Rb6+ Kf5 88. Ke3 Bd5 89. Rd6 Ba8 90. Rd8 Bb7 91. Rb8 Bc6 92. Rb6 Bd5 93. Kf2 Be6 94. Kg3 Bd7 95. Ra6 Bc8 96. Ra5+ Ke6 97. Ra8 Bd7 98. Ra6+ Ke7 1/2-1/2

[Event "Balatonbereny op"]
[Site "Balatonbereny"]
[Date "1993.??.??"]
[Round "5"]
[White "Saljova, Silvie"]
[Black "Torok, Jozsef"]
[Result "1-0"]
[WhiteElo "2095"]
[BlackElo "2290"]
[PlyCount "39"]
[EventDate "1993.09.??"]
[EventType "swiss"]
[EventRounds "9"]
[EventCountry "HUN"]
[SourceTitle "EXT 1997"]
[Source "ChessBase"]
[SourceDate "1996.11.15"]
[SourceVersion "1"]
[SourceVersionDate "1996.11.15"]
[SourceQuality "1"]

1. d4 Nf6 2. Nf3 e6 3. Bg5 Be7 4. e3 h6 5. Bh4 0-0 6. Bd3 Nc6 7. c3 d6 8. Nfd2 e5 9. 0-0 Rb8 10. a4 a5 11. f4 Ng4 12. Bxe7 Nxe7 13. Qe1 exf4 14. exf4 Nd5 15. Qg3 Re8 16. f5 Qg5 17. Rf3 Re3 18. Nf1 Rxf3 19. Qxf3 Nf4 20. h4 1-0

[Event "HUN-chT2 9293"]
[Site "Hungary"]
[Date "1993.??.??"]
[Round "?"]
[White "Torok, Jozsef"]
[Black "Farkas, Tibor"]
[Result "1-0"]
[WhiteElo "2250"]
[BlackElo "2370"]
[PlyCount "63"]
[EventDate "1992.??.??"]
[EventType "team"]
[EventRounds "12"]
[EventCountry "HUN"]
[SourceTitle "TD"]
[Source "ChessBase"]
[SourceDate "1994.03.01"]
[SourceVersion "1"]
[SourceVersionDate "1994.03.01"]
[SourceQuality "1"]

1. e4 c5 2. Nf3 d6 3. d4 cxd4 4. Nxd4 Nf6 5. Nc3 a6 6. Be3 e5 7. Nb3 Be6 8. Qd2 Be7 9. f3 Nbd7 10. g4 h6 11. 0-0-0 b5 12. Kb1 Nb6 13. Qf2 Nfd7 14. h4 Rc8 15. Nd5 Bxd5 16. exd5 Nc4 17. Bc1 Qb6 18. Qe1 b4 19. Bh3 a5 20. Rd3 Qc7 21. Qd1 Bxh4 22. f4 Be7 23. g5 hxg5 24. Bxd7+ Kxd7 25. Qg4+ Ke8 26. Rxh8+ Bf8 27. Rdh3 Na3+ 28. bxa3 Qxc2+ 29. Ka1 f5 30. Qh5+ Ke7 31. fxe5 dxe5 32. Qg6 1-0

[Event "Gyor op U18"]
[Site "Gyor"]
[Date "1992.??.??"]
[Round "?"]
[White "Balazs, Attila"]
[Black "Torok, Jozsef"]
[Result "1-0"]
[WhiteElo "2240"]
[BlackElo "2260"]
[PlyCount "53"]
[EventDate "1992.??.??"]
[EventType "swiss"]
[EventRounds "9"]
[EventCountry "HUN"]
[SourceTitle "EXT 1997"]
[Source "ChessBase"]
[SourceDate "1996.11.15"]
[SourceVersion "1"]
[SourceVersionDate "1996.11.15"]
[SourceQuality "1"]

1. e4 c5 2. d4 cxd4 3. c3 Nf6 4. e5 Nd5 5. Nf3 e6 6. cxd4 b6 7. Bd3 Bb7 8. 0-0 Be7 9. Nc3 Nxc3 10. bxc3 0-0 11. Bb2 Nc6 12. Rc1 Rc8 13. c4 Na5 14. Qe2 Rc7 15. Nd2 d5 16. exd6 Qxd6 17. d5 Rcc8 18. Bxh7+ Kxh7 19. Qh5+ Kg8 20. Bxg7 Kxg7 21. Qg4+ Kh7 22. Rc3 exd5 23. Rh3+ Qh6 24. Qf5+ Kg7 25. Rxh6 Kxh6 26. Re1 Bc5 27. Qf6+ 1-0

[Event "Gyor op U18"]
[Site "Gyor"]
[Date "1992.??.??"]
[Round "?"]
[White "Csoke, Adrienn"]
[Black "Torok, Jozsef"]
[Result "1-0"]
[WhiteElo "2145"]
[BlackElo "2260"]
[PlyCount "97"]
[EventDate "1992.??.??"]
[EventType "swiss"]
[EventRounds "9"]
[EventCountry "HUN"]
[SourceTitle "EXT 1997"]
[Source "ChessBase"]
[SourceDate "1996.11.15"]
[SourceVersion "1"]
[SourceVersionDate "1996.11.15"]
[SourceQuality "1"]

1. e4 c5 2. Nf3 d6 3. d4 cxd4 4. Nxd4 Nf6 5. Nc3 g6 6. Be3 Bg7 7. f3 0-0 8. Bc4 Nc6 9. Qd2 Ne5 10. Bb3 Bd7 11. 0-0-0 Rc8 12. Bg5 Rc5 13. Rhe1 b5 14. f4 b4 15. Nd5 Nc4 16. Bxc4 Rxc4 17. Bxf6 exf6 18. f5 Qa5 19. Kb1 Rb8 20. Qd3 Rcc8 21. Ne7+ Kh8 22. Nxc8 Rxc8 23. Nb3 Qa4 24. Qxd6 Be8 25. Rd5 Kg8 26. Ra5 Bf8 27. Qxf6 Qd7 28. Qd4 Qc6 29. Qf2 a6 30. e5 Qc4 31. Qe2 Qf4 32. g4 Bb5 33. Qg2 Qc4 34. Qe4 Qc7 35. e6 fxe6 36. Qxe6+ Kh8 37. Qe5+ Qxe5 38. Rxe5 Bd6 39. Rd5 Bxh2 40. Nd4 Re8 41. b3 gxf5 42. gxf5 Re1+ 43. Kb2 Be5 44. a4 bxa3+ 45. Kxa3 Ra1+ 46. Kb4 Rxa5 47. Kxa5 Bc7+ 48. Kb4 Bf1 49. Ne6 1-0

[Event "Gyor op U18"]
[Site "Gyor"]
[Date "1992.??.??"]
[Round "?"]
[White "Szabo, Zsolt"]
[Black "Torok, Jozsef"]
[Result "1-0"]
[WhiteElo "2270"]
[BlackElo "2260"]
[PlyCount "41"]
[EventDate "1992.??.??"]
[EventType "swiss"]
[EventRounds "9"]
[EventCountry "HUN"]
[SourceTitle "EXT 1997"]
[Source "ChessBase"]
[SourceDate "1996.11.15"]
[SourceVersion "1"]
[SourceVersionDate "1996.11.15"]
[SourceQuality "1"]

1. d4 Nf6 2. c4 e6 3. Bg5 Bb4+ 4. Nd2 h6 5. Bh4 Nc6 6. e3 g5 7. Bg3 Ne4 8. Ngf3 h5 9. Qc2 Nxd2 10. Nxd2 Bxd2+ 11. Kxd2 h4 12. Be5 Nxe5 13. dxe5 g4 14. Be2 Qg5 15. Qe4 Rh5 16. h3 f5 17. Qf4 Qg7 18. hxg4 fxg4 19. Qxg4 Rg5 20. Qxh4 Rxg2 21. Bh5+ 1-0

[Event "HUN-chT"]
[Site "Hungary"]
[Date "1992.??.??"]
[Round "12"]
[White "Torok, Jozsef"]
[Black "Horvath, Julia"]
[Result "1/2-1/2"]
[WhiteElo "2280"]
[BlackElo "2240"]
[PlyCount "51"]
[EventDate "1992.??.??"]
[EventType "team"]
[EventRounds "14"]
[EventCountry "HUN"]
[SourceTitle "EXT 2000"]
[Source "ChessBase"]
[SourceDate "1999.11.16"]
[SourceVersion "1"]
[SourceVersionDate "1999.11.16"]
[SourceQuality "1"]

1. e4 d5 2. exd5 Nf6 3. d4 Nxd5 4. Be2 Bf5 5. h3 e6 6. Nf3 Be7 7. 0-0 0-0 8. c4 Nb4 9. Na3 c5 10. Be3 cxd4 11. Nxd4 Bg6 12. Qb3 N8c6 13. Rfd1 Qc8 14. Nxc6 bxc6 15. Bf4 a5 16. Bf3 Bf6 17. Bd6 Rd8 18. c5 Qb7 19. Rd2 a4 20. Qe3 Nd5 21. Qe2 Bg5 22. Rdd1 Bf6 23. Rd2 Bg5 24. Rdd1 Bf6 25. Rd2 Bg5 26. Rdd1 1/2-1/2

[Event "Gyor op U18"]
[Site "Gyor"]
[Date "1992.??.??"]
[Round "?"]
[White "Torok, Jozsef"]
[Black "Lendvai, Edit"]
[Result "1/2-1/2"]
[WhiteElo "2260"]
[BlackElo "2060"]
[PlyCount "85"]
[EventDate "1992.??.??"]
[EventType "swiss"]
[EventRounds "9"]
[EventCountry "HUN"]
[SourceTitle "EXT 1997"]
[Source "ChessBase"]
[SourceDate "1996.11.15"]
[SourceVersion "1"]
[SourceVersionDate "1996.11.15"]
[SourceQuality "1"]

1. e4 e5 2. Nf3 d6 3. Bc4 Be7 4. 0-0 Nf6 5. Re1 0-0 6. h3 Nbd7 7. c3 c6 8. Bb3 Qc7 9. d3 h6 10. Nbd2 Nc5 11. Bc2 Ne6 12. Nf1 Nh7 13. Ng3 Nhg5 14. Nxg5 Bxg5 15. Bxg5 Nxg5 16. d4 Qb6 17. b3 g6 18. h4 Ne6 19. Ne2 exd4 20. cxd4 d5 21. exd5 cxd5 22. Qd2 Kg7 23. Rad1 Bd7 24. Nf4 Nxf4 25. Qxf4 Rfe8 26. Re5 Be6 27. Qg3 Rac8 28. Bb1 Qb4 29. f4 Rc3 30. Qe1 Rec8 31. h5 Bg4 32. Re7 Be6 33. Qe5+ Kg8 34. Rxe6 fxe6 35. Qxe6+ Kh8 36. Qf6+ Kg8 37. Qxg6+ Kf8 38. Qxh6+ Ke7 39. f5 Kd7 40. f6 Rf8 41. Qg7+ Kd8 42. h6 Re3 43. Rf1 1/2-1/2

[Event "Budapest Spring op 07th"]
[Site "Budapest"]
[Date "1991.??.??"]
[Round "7"]
[White "Farago, Sandor"]
[Black "Torok, Jozsef"]
[Result "1-0"]
[WhiteElo "2410"]
[BlackElo "2220"]
[PlyCount "37"]
[EventDate "1991.03.??"]
[EventType "swiss"]
[EventRounds "9"]
[EventCountry "HUN"]
[SourceTitle "TD"]
[Source "ChessBase"]
[SourceDate "1994.03.01"]
[SourceVersion "1"]
[SourceVersionDate "1994.03.01"]
[SourceQuality "1"]

1. c4 Nf6 2. Nc3 g6 3. e4 d6 4. d4 Nbd7 5. f4 e5 6. dxe5 dxe5 7. fxe5 Nxe5 8. Qxd8+ Kxd8 9. Bg5 Be7 10. 0-0-0+ Bd7 11. Nf3 Nfg4 12. Bf4 f6 13. Nxe5 fxe5 14. Bg3 c6 15. Be2 Bg5+ 16. Kb1 Ne3 17. Rd3 Re8 18. Bf2 Nxc4 19. Rhd1 1-0

[Event "HUN-chT"]
[Site "Hungary"]
[Date "1991.??.??"]
[Round "?"]
[White "Feher, Gyula"]
[Black "Torok, Jozsef"]
[Result "0-1"]
[WhiteElo "2375"]
[BlackElo "2220"]
[PlyCount "56"]
[EventDate "1991.??.??"]
[EventType "team"]
[EventRounds "9"]
[EventCountry "HUN"]
[SourceTitle "TD"]
[Source "ChessBase"]
[SourceDate "1994.03.01"]
[SourceVersion "1"]
[SourceVersionDate "1994.03.01"]
[SourceQuality "1"]

1. c4 Nf6 2. Nc3 g6 3. g3 Bg7 4. Bg2 0-0 5. Nf3 d6 6. 0-0 e5 7. d3 Nc6 8. Rb1 Ne8 9. b4 f5 10. b5 Ne7 11. Qb3 h6 12. c5+ Kh8 13. Ba3 g5 14. Nd2 g4 15. cxd6 cxd6 16. Qb4 f4 17. Be4 Rf7 18. Nd5 Nf5 19. e3 f3 20. Nc4 Qg5 21. Bxf5 Bxf5 22. e4 Be6 23. Nxd6 Bxd5 24. Nxe8 Rxe8 25. exd5 Qh5 26. h4 Bf6 27. Rfe1 Bxh4 28. gxh4 Qxh4 0-1